000 00329 a2200109 4500
001 ART_15815
005 20260410161736.0
008 260409a
245 1 0 _aMultiples facetas de la tasa de interés
100 1 _aMarcel, Alberto E.
773 0 _tEjecutivos de finanzas
_g- Año 7, Nº 59 (sep. 1989)
_wREV2863
999 _c18277
_d18277